Visualizzazione normale
Vista MARC
- COMMEDIA
di Topical Term
Records bibliografici associati: 1
001 - CONTROL NUMBER
- control field: 48487
003 - CONTROL NUMBER IDENTIFIER
- control field: IT-RoPau
005 - DATE AND TIME OF LATEST TRANSACTION
- control field: 20151201205907.0
008 - FIXED-LENGTH DATA ELEMENTS
- fixed length control field: 151201|| aca||aabn | a|a d
040 ## - CATALOGING SOURCE
- Original cataloging agency: IT-RoPau
- Transcribing agency: IT-RoPau
150 ## - HEADING--TOPICAL TERM
- Topical term or geographic name entry element: COMMEDIA
- : FILMS [VHS]
- General subdivision: Codice MATERIA SPICS: 9960
670 ## - SOURCE DATA FOUND
- Source citation: Work cat.: (IT-RoPau)106740: Ardolino Emile Codice regista SPICS: 10046 48485, SISTER ACT UNA SVITATA IN ABITO DA SUORA SISTER ACT UNA SVITATA IN ABITO DA SUORA (Rif. Codice opera principale : B9841)